000 00425nam a2200181Ia 4500
005 20240823010850.0
008 240823s9999||||xx |||||||||||||| ||und||
041 _aENGLISH
082 _A658.312404 P0
100 _aTruelove S
245 0 _aTraining for Development
250 _a1st
260 _c2000
_b"Infinity,U K"
500 _aYES
650 _aManagement
_bManagement Studies
942 _cBK
999 _c159872
_d159872